<?xml version="1.0" encoding="UTF-8"?>
<collection xmlns="http://www.loc.gov/MARC21/slim">
  <record>
    <leader>00000nam  2200000   4500</leader>
    <controlfield tag="001">INLIS000000000015766</controlfield>
    <controlfield tag="005">20230905025409</controlfield>
    <datafield tag="035" ind1="#" ind2="#">
      <subfield code="a">0010-0923000007</subfield>
    </datafield>
    <controlfield tag="007">ta</controlfield>
    <controlfield tag="008">230905################|##########|#|##</controlfield>
    <datafield tag="084" ind1="#" ind2="#">
      <subfield code="a">R 063 PIM II 2022</subfield>
    </datafield>
    <datafield tag="100" ind1=" " ind2="#">
      <subfield code="a">Rahmaddin MY</subfield>
    </datafield>
    <datafield tag="245" ind1="1" ind2="#">
      <subfield code="a">Optimalisasi Transformasi Digital Pengadaan Barang dan Jasa /</subfield>
      <subfield code="c">Rahmaddin MY</subfield>
    </datafield>
    <datafield tag="260" ind1="#" ind2="#">
      <subfield code="a">Jakarta :</subfield>
      <subfield code="b">Pusbangkom Pimnas dan Manajerial ASN,</subfield>
      <subfield code="c">2022</subfield>
    </datafield>
    <datafield tag="300" ind1="#" ind2="#">
      <subfield code="a">121 halaman :</subfield>
      <subfield code="b">Ilus ;</subfield>
      <subfield code="c">30 cm</subfield>
    </datafield>
    <datafield tag="250" ind1="#" ind2="#">
      <subfield code="a">1</subfield>
    </datafield>
    <datafield tag="650" ind1="#" ind2="4">
      <subfield code="a">Sistem Informasi</subfield>
    </datafield>
    <datafield tag="650" ind1="#" ind2="4">
      <subfield code="a">Anggaran Administrasi Negara</subfield>
    </datafield>
    <datafield tag="520" ind1="#" ind2="#">
      <subfield code="a">Terbitnya Inpres No 2 Tahun 2022 tentang P3DN, dengan adanya kewajiban anggaran 40% dari anggaran pengadaan barang dan jasa untuk UMK dan koperasi, dengan target belanja secara nasional sebesar Rp. 400T dan target realisasi Rp 1 juta produk UMK dan koperasi di Bela Pengadaan dan e-katalog memerlukan inovasi dari Pemerintah Daerah untuk mengoptimalkan pelaksanaan pengadaan barang dan jasa untuk mempercepat peningkatan penggunaan produksi dalam negeri. Padahal diharapkan ekonomi digital dapat memiliki multiflyer efect yang dapat memicu pemasaran produk UMK dan koperasi sehingga dapat memberikan kontribusi bagi pertumbuhan ekonomi yang inklusif, merata dan berkeadilan.</subfield>
    </datafield>
    <datafield tag="990" ind1="#" ind2="#">
      <subfield code="a">063</subfield>
    </datafield>
  </record>
</collection>
